Optimalizovať pomáha krátenie trás aj digitalizácia
V posledných dekádach si nielen európske firmy zvykli vo veľkom spolupracovať s dodávateľmi z Číny, Indie a ďalších ázijských krajín. Ich dodávateľskými reťazcami však v poslednom čase otriaslo viacero nečakaných zmien, ktoré poukázali na ich relatívnu krehkosť. Dnes preto hľadajú spôsob, ako dodáva...
Salvato in:
| Autore principale: | |
|---|---|
| Natura: | Capitolo di libro |
| Lingua: | slovacco |
| Soggetti: | |
| Tags: |
Nessun Tag, puoi essere il primo ad aggiungerne!!
|
MARC
| LEADER | 00000naa a2200000 4500 | ||
|---|---|---|---|
| 001 | 0299724 | ||
| 005 | 20240417075308.5 | ||
| 041 | 0 | |a slo | |
| 044 | |a CZ | ||
| 245 | 1 | 0 | |a Optimalizovať pomáha krátenie trás aj digitalizácia |c Vladimír Maťo |
| 520 | |a V posledných dekádach si nielen európske firmy zvykli vo veľkom spolupracovať s dodávateľmi z Číny, Indie a ďalších ázijských krajín. Ich dodávateľskými reťazcami však v poslednom čase otriaslo viacero nečakaných zmien, ktoré poukázali na ich relatívnu krehkosť. Dnes preto hľadajú spôsob, ako dodávateľské reťazce skrátiť. Brániť sa rastúcim nákladom však možno aj zavádzaním a zefektívňovaním digitalizácie interných procesov. | ||
| 610 | 2 | 0 | |a stratégia obchodná |
| 610 | 2 | 0 | |a reťazce dodávateľsko-odberateľské |
| 610 | 2 | 0 | |a partneri obchodní |
| 610 | 2 | 0 | |a dodávatelia |
| 610 | 2 | 0 | |a tržby |
| 610 | 2 | 0 | |a optimalizácia |
| 610 | 2 | 0 | |a výroba |
| 610 | 2 | 0 | |a digitalizácia |
| 100 | 1 | |a Maťo, Vladimír | |